| 000 | 00405nam a2200145Ia 4500 | ||
|---|---|---|---|
| 008 | 210210b1968 xxu||||| |||| 00| 0 eng d | ||
| 082 | _a303.6 GHUS | ||
| 100 | _aGHURYE (G S). | ||
| 245 | _aSocial tensions in India. | ||
| 260 |
_aBombay. _bPopular Prakashan., _c1968 |
||
| 300 | _axi,552 | ||
| 650 | _aMinorities Riots Linguistic Integration Solidarity | ||
| 690 | _aSocial Change | ||
| 906 | _aSG00554 | ||
| 999 |
_c112113 _d112113 |
||